[Event "SA-2019-0-00704"]
[Site "LSS email"]
[Date "2019.11.04"]
[Round "?"]
[White "Balleer, Dieter"]
[Black "Dehaybe, Andre"]
[Result "1/2-1/2"]
[WhiteElo "2156"]
[BlackElo "2137"]
[PlyCount "59"]
[EventDate "2019.09.21"]
[EventType "tourn (corr)"]
[EventRounds "6"]
[EventCountry "GER"]
[SourceTitle "Corr 2022"]
[Source "ChessBase"]
[SourceDate "2021.10.24"]
[SourceVersion "1"]
[SourceVersionDate "2021.10.24"]
[SourceQuality "1"]

1. c4 e5 2. Nc3 Nf6 3. Nf3 Nc6 4. e4 Bb4 5. d3 d6 6. Be2 Bc5 7. 0-0 0-0 8. Be3 Bg4 9. Nxe5 Nxe5 10. d4 Nxc4 11. Bxg4 Bb4 12. Nd5 Nxd5 13. exd5 Nxe3 14. fxe3 Qe7 15. Qd3 Rae8 16. a3 Ba5 17. b4 Qg5 18. Rf4 Bb6 19. Bf3 g6 20. a4 a5 21. b5 f5 22. g3 Qf6 23. Bg2 g5 24. Rf2 Rxe3 25. Qxe3 Bxd4 26. Qe6+ Qxe6 27. dxe6 Bxa1 28. e7 Re8 29. Rxf5 h6 30. Rf8+ 1/2-1/2

[Event "SA-2019-0-00694"]
[Site "LSS email"]
[Date "2019.08.03"]
[Round "?"]
[White "Eman, Juan"]
[Black "Dehaybe, Andre"]
[Result "1/2-1/2"]
[WhiteElo "2257"]
[BlackElo "2151"]
[PlyCount "25"]
[EventDate "2019.07.13"]
[EventType "tourn (corr)"]
[EventRounds "6"]
[EventCountry "GER"]
[SourceTitle "Corr 2022"]
[Source "ChessBase"]
[SourceDate "2021.10.24"]
[SourceVersion "1"]
[SourceVersionDate "2021.10.24"]
[SourceQuality "1"]

1. d4 d5 2. Bg5 f6 3. Bf4 c5 4. Bxb8 Rxb8 5. e3 c4 6. b3 b5 7. a4 a6 8. axb5 axb5 9. g3 e6 10. bxc4 bxc4 11. Bg2 f5 12. Nd2 Bd6 13. Ngf3 1/2-1/2

[Event "SA-2019-0-00694"]
[Site "LSS email"]
[Date "2019.08.03"]
[Round "?"]
[White "Susla, Vitaliy"]
[Black "Dehaybe, Andre"]
[Result "1/2-1/2"]
[WhiteElo "2318"]
[BlackElo "2151"]
[PlyCount "105"]
[EventDate "2019.07.13"]
[EventType "tourn (corr)"]
[EventRounds "6"]
[EventCountry "GER"]
[SourceTitle "Corr 2022"]
[Source "ChessBase"]
[SourceDate "2021.10.24"]
[SourceVersion "1"]
[SourceVersionDate "2021.10.24"]
[SourceQuality "1"]

1. e4 c5 2. Nf3 e6 3. d4 cxd4 4. Nxd4 a6 5. Nc3 Qc7 6. Be2 Nc6 7. Be3 b5 8. Nxc6 Qxc6 9. a3 Bb7 10. Qd2 Rc8 11. 0-0 Nf6 12. Rfd1 Be7 13. Bf3 Qc7 14. Bf4 e5 15. Bg5 0-0 16. Bxf6 Bxf6 17. Qxd7 Be7 18. g3 g6 19. h4 Kg7 20. Bg2 Rfd8 21. Qxc7 Rxc7 22. Rxd8 Bxd8 23. Bf1 Be7 24. Bd3 Bc5 25. Nd1 Ba7 26. Rc1 Rd7 27. Kf1 Rd4 28. f3 f5 29. Nc3 Kf6 30. Ke2 Bc6 31. Rf1 Bb6 32. b3 Bc5 33. b4 Bb6 34. Nb1 f4 35. g4 Ke7 36. Rh1 Rd6 37. h5 Bd4 38. c3 Be3 39. hxg6 hxg6 40. g5 Bd7 41. c4 bxc4 42. Bxc4 Rc6 43. Kd3 Rd6+ 44. Bd5 Bb5+ 45. Kc3 Be2 46. Rh3 Rd8 47. Rh7+ Kf8 48. Rh8+ Ke7 49. Rh7+ Kf8 50. Nd2 Bd4+ 51. Kb3 Be3 52. Nc4 Bd4 53. Rh8+ 1/2-1/2

[Event "SA-2019-0-00694"]
[Site "LSS email"]
[Date "2019.08.03"]
[Round "?"]
[White "Tyutyunnik, Roman"]
[Black "Dehaybe, Andre"]
[Result "1/2-1/2"]
[WhiteElo "2194"]
[BlackElo "2151"]
[PlyCount "81"]
[EventDate "2019.07.13"]
[EventType "tourn (corr)"]
[EventRounds "6"]
[EventCountry "GER"]
[SourceTitle "Corr 2022"]
[Source "ChessBase"]
[SourceDate "2021.10.24"]
[SourceVersion "1"]
[SourceVersionDate "2021.10.24"]
[SourceQuality "1"]

1. d4 d5 2. Nf3 Bf5 3. c4 e6 4. Nc3 Bb4 5. Bg5 Ne7 6. cxd5 exd5 7. e3 h6 8. Bf4 0-0 9. Qb3 Bd6 10. Bxd6 Qxd6 11. Qxb7 Nbc6 12. Qa6 Rfb8 13. Bb5 Rb6 14. Qa4 Nd8 15. 0-0 c6 16. Be2 Rxb2 17. Rfc1 Ne6 18. Qd1 Qa3 19. Ne5 f6 20. Nd3 Bxd3 21. Bxd3 g6 22. h4 h5 23. Na4 Rb4 24. Bc2 Kg7 25. Bb3 Rh8 26. g3 Rb7 27. Rc3 Qd6 28. Kg2 Rb5 29. Qc2 Rc8 30. Rc1 Rc7 31. Qd2 Rcb7 32. Qe2 Rb8 33. Qc2 Rc8 34. Qd2 Rd8 35. Bd1 Rdb8 36. Rb3 Kf7 37. Rxb5 Rxb5 38. Qd3 Qb8 39. Rc3 Qd6 40. Rc1 Qb8 41. Rc3 1/2-1/2

[Event "SB-2019-0-00578"]
[Site "LSS email"]
[Date "2019.07.30"]
[Round "?"]
[White "Celan, Melissa"]
[Black "Dehaybe, Andre"]
[Result "1/2-1/2"]
[WhiteElo "2078"]
[BlackElo "2197"]
[PlyCount "50"]
[EventDate "2019.06.13"]
[EventType "tourn (corr)"]
[EventRounds "6"]
[EventCountry "GER"]
[SourceTitle "Corr 2022"]
[Source "ChessBase"]
[SourceDate "2021.10.24"]
[SourceVersion "1"]
[SourceVersionDate "2021.10.24"]
[SourceQuality "1"]

1. d4 d5 2. c4 c6 3. e3 Bf5 4. Nc3 e6 5. Nf3 Nd7 6. Bd3 Bxd3 7. Qxd3 Bb4 8. 0-0 Ngf6 9. b3 0-0 10. Bb2 Qe7 11. a3 Ba5 12. Qc2 Rac8 13. Rfd1 Rfe8 14. h3 a6 15. Rac1 Bc7 16. e4 Nxe4 17. Nxe4 dxe4 18. Qxe4 Rcd8 19. g3 Bd6 20. b4 f5 21. Qe2 Nf6 22. Kg2 Ne4 23. Rd3 Bb8 24. Re1 Kf7 25. Nd2 Nxd2 1/2-1/2

[Event "SA-2019-0-00691"]
[Site "LSS email"]
[Date "2019.07.23"]
[Round "?"]
[White "Dehaybe, Andre"]
[Black "Bujdak, Pavel"]
[Result "1/2-1/2"]
[WhiteElo "2154"]
[BlackElo "2046"]
[PlyCount "91"]
[EventDate "2019.06.24"]
[EventType "tourn (corr)"]
[EventRounds "6"]
[EventCountry "GER"]
[SourceTitle "Corr 2022"]
[Source "ChessBase"]
[SourceDate "2021.10.24"]
[SourceVersion "1"]
[SourceVersionDate "2021.10.24"]
[SourceQuality "1"]

1. e4 e5 2. Nf3 Nc6 3. Bc4 Bc5 4. c3 Nf6 5. d3 0-0 6. 0-0 d6 7. Re1 a5 8. Nbd2 h6 9. Nf1 a4 10. Bb5 a3 11. b4 Bb6 12. Be3 Bxe3 13. Nxe3 Ne7 14. Qc2 Ng4 15. d4 Ng6 16. Rad1 Nxe3 17. Rxe3 Qf6 18. g3 Bg4 19. Be2 Bd7 20. Rd2 Rfc8 21. c4 b6 22. Qd1 Bh3 23. d5 Bd7 24. Rc2 Ba4 25. Ne1 Bxc2 26. Nxc2 Rf8 27. Rb3 Qg5 28. Ne3 Qd8 29. h4 Ne7 30. Bd3 Qd7 31. Kg2 Ra7 32. c5 bxc5 33. bxc5 dxc5 34. Qa1 f6 35. Qc3 Qd6 36. Nc4 Qd7 37. Ne3 Rfa8 38. Qxc5 Qd8 39. Be2 Nc8 40. Bg4 Nd6 41. Be6+ Kh7 42. Nf5 Rb7 43. Rxb7 Nxb7 44. Qc6 Nd6 45. Nxd6 cxd6 46. Bf5+ 1/2-1/2

[Event "SA-2019-0-00691"]
[Site "LSS email"]
[Date "2019.07.23"]
[Round "?"]
[White "Kahl, Fred"]
[Black "Dehaybe, Andre"]
[Result "1/2-1/2"]
[WhiteElo "2372"]
[BlackElo "2154"]
[PlyCount "105"]
[EventDate "2019.06.24"]
[EventType "tourn (corr)"]
[EventRounds "6"]
[EventCountry "GER"]
[SourceTitle "Corr 2022"]
[Source "ChessBase"]
[SourceDate "2021.10.24"]
[SourceVersion "1"]
[SourceVersionDate "2021.10.24"]
[SourceQuality "1"]

1. c4 e5 2. g3 Nf6 3. d3 d5 4. cxd5 Nxd5 5. Bg2 Nc6 6. Nf3 Bb4+ 7. Nbd2 Be7 8. b3 Be6 9. Bb2 f6 10. a3 Qd7 11. b4 a5 12. b5 Na7 13. d4 exd4 14. Nxd4 Nxb5 15. Nxe6 Qxe6 16. 0-0 c6 17. Qc2 0-0 18. e4 Ndc7 19. a4 Nd6 20. Bc3 Nf7 21. Rfb1 Rfb8 22. Bf1 Bc5 23. Nb3 Bb4 24. Bxb4 axb4 25. Nc5 Qe7 26. Rxb4 Ne6 27. Nd3 Ne5 28. Rab1 Nxd3 29. Qxd3 Nc5 30. Qc3 Qe5 31. Qc2 Kh8 32. Rc4 Ne6 33. f4 Qa5 34. Qf2 h6 35. Bh3 Re8 36. Rxb7 Rad8 37. Bg4 Qa6 38. Rcb4 c5 39. R7b6 Qa8 40. Rb1 Nd4 41. e5 fxe5 42. fxe5 Qe4 43. Qf4 Ne2+ 44. Bxe2 Qxe2 45. Rf1 c4 46. Rc6 Rf8 47. Qxf8+ Rxf8 48. Rxf8+ Kh7 49. Rfc8 Qe1+ 50. Kg2 Qe2+ 51. Kg1 Qe1+ 52. Kg2 Qe2+ 53. Kg1 1/2-1/2

[Event "RA-2019-0-00627"]
[Site "LSS email"]
[Date "2019.07.02"]
[Round "?"]
[White "Morcin, Tom"]
[Black "Dehaybe, Andre"]
[Result "1/2-1/2"]
[WhiteElo "2170"]
[BlackElo "2216"]
[PlyCount "72"]
[EventDate "2019.05.09"]
[EventType "tourn (corr)"]
[EventRounds "6"]
[EventCountry "GER"]
[SourceTitle "Corr 2022"]
[Source "ChessBase"]
[SourceDate "2021.10.24"]
[SourceVersion "1"]
[SourceVersionDate "2021.10.24"]
[SourceQuality "1"]

1. e4 c5 2. Nf3 Nc6 3. d4 cxd4 4. Nxd4 Nf6 5. Nc3 e6 6. Nxc6 bxc6 7. e5 Nd5 8. Ne4 Qc7 9. f4 Qb6 10. Bd3 Be7 11. Qe2 Rb8 12. c4 f5 13. Nd6+ Bxd6 14. exd6 Nf6 15. Rb1 0-0 16. b4 Qd4 17. Rb3 a5 18. Qe5 Qxe5+ 19. fxe5 Ng4 20. Bf4 Rxb4 21. Rxb4 axb4 22. h3 Nh6 23. Bxh6 gxh6 24. c5 Bb7 25. 0-0 Ra8 26. Rf4 Ba6 27. Bxa6 Rxa6 28. Rxb4 Ra5 29. Rb7 Rxc5 30. Rxd7 Rxe5 31. Re7 Kf8 32. a4 h5 33. Kf2 Ra5 34. Rxe6 Rxa4 35. d7 Ra8 36. Rxc6 Ke7 1/2-1/2

[Event "SA-2019-0-00687"]
[Site "LSS email"]
[Date "2019.06.25"]
[Round "?"]
[White "Susla, Vitaliy"]
[Black "Dehaybe, Andre"]
[Result "1-0"]
[WhiteElo "2297"]
[BlackElo "2210"]
[PlyCount "47"]
[EventDate "2019.05.17"]
[EventType "tourn (corr)"]
[EventRounds "6"]
[EventCountry "GER"]
[SourceTitle "Corr 2022"]
[Source "ChessBase"]
[SourceDate "2021.10.24"]
[SourceVersion "1"]
[SourceVersionDate "2021.10.24"]
[SourceQuality "1"]

1. e4 c5 2. Nf3 Nc6 3. d4 cxd4 4. Nxd4 Nf6 5. Nc3 e6 6. Nxc6 bxc6 7. e5 Nd5 8. Ne4 Qc7 9. f4 Qb6 10. c4 Bb4+ 11. Ke2 f5 12. Nf2 Ba6 13. Kf3 Ne7 14. Be3 Bc5 15. Bxc5 Qxc5 16. Qd6 Qxd6 17. exd6 Ng8 18. b4 Rb8 19. Bd3 Nf6 20. Rhb1 0-0 21. Ke3 Rfe8 22. Rb3 e5 23. fxe5 Rxe5+ 24. Kd4 1-0

[Event "SA-2019-0-00687"]
[Site "LSS email"]
[Date "2019.06.24"]
[Round "?"]
[White "Dehaybe, Andre"]
[Black "Steinke, Ruediger"]
[Result "1/2-1/2"]
[WhiteElo "2210"]
[BlackElo "2310"]
[PlyCount "52"]
[EventDate "2019.05.17"]
[EventType "tourn (corr)"]
[EventRounds "6"]
[EventCountry "GER"]
[SourceTitle "Corr 2022"]
[Source "ChessBase"]
[SourceDate "2021.10.24"]
[SourceVersion "1"]
[SourceVersionDate "2021.10.24"]
[SourceQuality "1"]

1. e4 e6 2. d4 d5 3. Nc3 Bb4 4. exd5 exd5 5. Bd3 Nc6 6. a3 Ba5 7. Nge2 Nge7 8. 0-0 Bb6 9. Be3 Bf5 10. Na4 Qd7 11. Nxb6 cxb6 12. Nf4 Bxd3 13. Qxd3 0-0 14. Rae1 Ng6 15. Nh5 Qg4 16. Ng3 Qd7 17. f4 f5 18. Bd2 Rf7 19. Rf2 Raf8 20. Rfe2 Qc7 21. Re8 Qd7 22. R8e6 Qc7 23. Ne2 Qd7 24. Nc1 Rd8 25. c3 Nf8 26. R6e2 Re7 1/2-1/2

[Event "SA-2019-0-00686"]
[Site "LSS email"]
[Date "2019.06.18"]
[Round "?"]
[White "Habes, Jiri"]
[Black "Dehaybe, Andre"]
[Result "1/2-1/2"]
[WhiteElo "2009"]
[BlackElo "2214"]
[PlyCount "106"]
[EventDate "2019.05.16"]
[EventType "tourn (corr)"]
[EventRounds "6"]
[EventCountry "GER"]
[SourceTitle "Corr 2022"]
[Source "ChessBase"]
[SourceDate "2021.10.24"]
[SourceVersion "1"]
[SourceVersionDate "2021.10.24"]
[SourceQuality "1"]

1. d4 d5 2. c4 e6 3. Nc3 Nf6 4. Nf3 Bb4 5. Qa4+ Nc6 6. e3 0-0 7. Bd2 dxc4 8. Bxc4 Bd6 9. h3 a6 10. 0-0 e5 11. d5 Ne7 12. Qc2 b5 13. Bb3 Bb7 14. e4 Rc8 15. Bg5 Ng6 16. Rfd1 Qe7 17. Nh4 Nxh4 18. Bxh4 h6 19. Qe2 Bc5 20. Qf3 g5 21. Bg3 Ne8 22. Kh2 Nd6 23. Qe2 Rce8 24. f3 Bc8 25. Rac1 Bd4 26. a4 b4 27. Na2 a5 28. Rxd4 exd4 29. Qc2 d3 30. Qxd3 h5 31. Kg1 f6 32. Rc5 g4 33. hxg4 hxg4 34. Rxa5 gxf3 35. Qxf3 Qxe4 36. Qxe4 Rxe4 37. Ra7 Rf7 38. Ra8 Kg7 39. Nc1 Bb7 40. Ra7 Rg4 41. Bf2 Rg5 42. Be3 Re5 43. Bf4 Rf5 44. Ne2 Bxd5 45. Bc2 Be4 46. Bb3 Nc8 47. Bxf7 Nxa7 48. Bb3 Rc5 49. Be3 Ra5 50. Nf4 Nc6 51. Ne6+ Kg6 52. Nxc7 Re5 53. Bc4 Re7 1/2-1/2

[Event "SA-2019-0-00686"]
[Site "LSS email"]
[Date "2019.06.14"]
[Round "?"]
[White "Dehaybe, Andre"]
[Black "Yloenen, Olli"]
[Result "1/2-1/2"]
[WhiteElo "2214"]
[BlackElo "1999"]
[PlyCount "48"]
[EventDate "2019.05.16"]
[EventType "tourn (corr)"]
[EventRounds "6"]
[EventCountry "GER"]
[SourceTitle "Corr 2022"]
[Source "ChessBase"]
[SourceDate "2021.10.24"]
[SourceVersion "1"]
[SourceVersionDate "2021.10.24"]
[SourceQuality "1"]

1. e4 e5 2. Nf3 Nc6 3. Bb5 Nf6 4. 0-0 Nxe4 5. d4 Nd6 6. Bxc6 dxc6 7. dxe5 Nf5 8. Qxd8+ Kxd8 9. Rd1+ Ke8 10. Nc3 Ne7 11. h3 Ng6 12. Nd4 Bd7 13. f4 h5 14. Be3 Nh4 15. Ne4 Nf5 16. Kf2 Nxd4 17. Bxd4 Bf5 18. Kf3 h4 19. a4 a5 20. Rd2 b6 21. Rad1 Bb4 22. c3 Be7 23. c4 Rh6 24. Bc3 Rg6 1/2-1/2

[Event "SA-2019-0-00685"]
[Site "LSS email"]
[Date "2019.06.07"]
[Round "?"]
[White "Dehaybe, Andre"]
[Black "Borisovs, Leonids"]
[Result "0-1"]
[WhiteElo "2214"]
[BlackElo "2146"]
[PlyCount "50"]
[EventDate "2019.05.14"]
[EventType "tourn (corr)"]
[EventRounds "6"]
[EventCountry "GER"]
[SourceTitle "Corr 2022"]
[Source "ChessBase"]
[SourceDate "2021.10.24"]
[SourceVersion "1"]
[SourceVersionDate "2021.10.24"]
[SourceQuality "1"]

1. d3 Nf6 2. e4 e5 3. Nf3 Nc6 4. Be2 Bc5 5. 0-0 0-0 6. Nc3 Re8 7. Bg5 h6 8. Bxf6 Qxf6 9. Nd5 Qd8 10. c3 a5 11. Qc2 d6 12. Rad1 Ba7 13. Kh1 Ne7 14. Ne3 Ng6 15. Nd5 c6 16. Ne3 Nf4 17. Rfe1 h5 18. c4 Qf6 19. Rf1 g6 20. g3 Nh3 21. Kg2 Kg7 22. Qd2 h4 23. Nxh4 Rh8 24. Nf3 Bd7 25. Rh1 g5 0-1

[Event "RA-2019-0-00626"]
[Site "LSS email"]
[Date "2019.06.03"]
[Round "?"]
[White "Robertson, Gavin"]
[Black "Dehaybe, Andre"]
[Result "1-0"]
[WhiteElo "2340"]
[BlackElo "2230"]
[PlyCount "57"]
[EventDate "2019.04.16"]
[EventType "tourn (corr)"]
[EventRounds "6"]
[EventCountry "GER"]
[SourceTitle "Corr 2022"]
[Source "ChessBase"]
[SourceDate "2021.10.24"]
[SourceVersion "1"]
[SourceVersionDate "2021.10.24"]
[SourceQuality "1"]

1. e4 c5 2. Nf3 Nc6 3. Bb5 g6 4. 0-0 Bg7 5. Bxc6 bxc6 6. Re1 Nf6 7. e5 Nd5 8. c4 Nc7 9. Nc3 Ne6 10. d4 cxd4 11. Nxd4 0-0 12. Nxe6 fxe6 13. Qd4 Rf5 14. Bf4 Qb6 15. c5 Qxb2 16. Bg3 Qa3 17. Rab1 Qa5 18. Rb3 Ba6 19. h3 Raf8 20. Re4 Qc7 21. Ra3 Bb5 22. Nd1 a5 23. Ne3 a4 24. Nxf5 exf5 25. Re1 h6 26. h4 Kh7 27. Qd2 e6 28. Bf4 Qd8 29. Rd1 1-0

[Event "RA-2019-0-00626"]
[Site "LSS email"]
[Date "2019.05.28"]
[Round "?"]
[White "Dehaybe, Andre"]
[Black "Sorcinelli, Andrea"]
[Result "0-1"]
[WhiteElo "2230"]
[BlackElo "2049"]
[PlyCount "32"]
[EventDate "2019.04.16"]
[EventType "tourn (corr)"]
[EventRounds "6"]
[EventCountry "GER"]
[SourceTitle "Corr 2022"]
[Source "ChessBase"]
[SourceDate "2021.10.24"]
[SourceVersion "1"]
[SourceVersionDate "2021.10.24"]
[SourceQuality "1"]

1. d3 d5 2. Nf3 Nf6 3. Bf4 c5 4. Nbd2 g6 5. c3 Nc6 6. e4 Bg7 7. Rb1 Nh5 8. Bg5 0-0 9. exd5 Qxd5 10. Qb3 Be6 11. Qxd5 Bxd5 12. c4 Be6 13. a3 f5 14. Be2 h6 15. Be3 b6 16. Nh4 f4 0-1

[Event "ZH-2019-0-01777"]
[Site "LSS email"]
[Date "2019.05.28"]
[Round "?"]
[White "Paulesu, Sebastiano"]
[Black "Dehaybe, Andre"]
[Result "1-0"]
[WhiteElo "2206"]
[BlackElo "2212"]
[PlyCount "67"]
[EventDate "2019.05.24"]
[EventType "match (corr)"]
[EventRounds "2"]
[EventCountry "GER"]
[SourceTitle "Corr 2022"]
[Source "ChessBase"]
[SourceDate "2021.10.24"]
[SourceVersion "1"]
[SourceVersionDate "2021.10.24"]
[SourceQuality "1"]

1. e4 c5 2. Nf3 Nc6 3. Bb5 e6 4. 0-0 Nge7 5. Re1 a6 6. Bf1 d5 7. exd5 Nxd5 8. d4 Nf6 9. Be3 cxd4 10. Nxd4 Bd7 11. c4 Qc7 12. Nc3 Be7 13. h3 0-0 14. Nf3 Rfd8 15. a3 Na5 16. Rc1 Rac8 17. Nd2 Be8 18. Qc2 b5 19. cxb5 Bxb5 20. Bxb5 axb5 21. b4 Qc6 22. bxa5 Bxa3 23. Rcd1 Be7 24. Nde4 b4 25. Nxf6+ Bxf6 26. Rxd8+ Rxd8 27. Qa4 Qxc3 28. Rb1 h6 29. a6 Bg5 30. Bb6 Ra8 31. a7 Bd2 32. h4 Qd3 33. Rd1 b3 34. Qd4 1-0

[Event "SA-2019-0-00684"]
[Site "LSS email"]
[Date "2019.05.25"]
[Round "?"]
[White "Cvak, Rudolf"]
[Black "Dehaybe, Andre"]
[Result "1/2-1/2"]
[WhiteElo "2376"]
[BlackElo "2216"]
[PlyCount "76"]
[EventDate "2019.05.07"]
[EventType "tourn (corr)"]
[EventRounds "6"]
[EventCountry "GER"]
[SourceTitle "Corr 2022"]
[Source "ChessBase"]
[SourceDate "2021.10.24"]
[SourceVersion "1"]
[SourceVersionDate "2021.10.24"]
[SourceQuality "1"]

1. e4 c5 2. Nf3 Nc6 3. d4 cxd4 4. Nxd4 e6 5. Nc3 Qc7 6. Be3 a6 7. Qf3 b5 8. Nxc6 Qxc6 9. Bd3 Nf6 10. e5 Qxf3 11. gxf3 b4 12. exf6 bxc3 13. Bd4 cxb2 14. Rb1 g6 15. Rxb2 Bd6 16. h4 Rb8 17. Rb3 h5 18. Ke2 0-0 19. Rxb8 Bxb8 20. Rb1 Bf4 21. c4 Re8 22. a4 Kh7 23. c5 Bc7 24. Rb2 Kg8 25. Rb3 Rd8 26. Bc3 d5 27. c6 Rd6 28. Be5 Rxc6 29. Bxc7 Rxc7 30. Rb8 Kh7 31. f4 Bd7 32. a5 Bb5 33. Bxb5 axb5 34. Rxb5 Rc2+ 35. Kd3 Rxf2 36. Rb7 Rxf4 37. Rxf7+ Kg8 38. Rg7+ Kf8 1/2-1/2

[Event "SA-2019-0-00684"]
[Site "LSS email"]
[Date "2019.05.25"]
[Round "?"]
[White "Dehaybe, Andre"]
[Black "Salzmann, Stefan"]
[Result "1/2-1/2"]
[WhiteElo "2216"]
[BlackElo "2219"]
[PlyCount "28"]
[EventDate "2019.05.07"]
[EventType "tourn (corr)"]
[EventRounds "6"]
[EventCountry "GER"]
[SourceTitle "Corr 2022"]
[Source "ChessBase"]
[SourceDate "2021.10.24"]
[SourceVersion "1"]
[SourceVersionDate "2021.10.24"]
[SourceQuality "1"]

1. d4 Nf6 2. c4 e6 3. Nf3 d5 4. Bf4 dxc4 5. Qa4+ Nc6 6. Qxc4 Nd5 7. Bg3 Nb6 8. Qd3 Bd6 9. Nbd2 0-0 10. e3 Qe7 11. Rc1 e5 12. dxe5 Nxe5 13. Nxe5 Bxe5 14. Qe4 Bf6 1/2-1/2

[Event "SA-2019-0-00684"]
[Site "LSS email"]
[Date "2019.05.25"]
[Round "?"]
[White "Pilgram, Kurt"]
[Black "Dehaybe, Andre"]
[Result "1/2-1/2"]
[WhiteElo "2190"]
[BlackElo "2216"]
[PlyCount "51"]
[EventDate "2019.05.07"]
[EventType "tourn (corr)"]
[EventRounds "6"]
[EventCountry "GER"]
[SourceTitle "Corr 2022"]
[Source "ChessBase"]
[SourceDate "2021.10.24"]
[SourceVersion "1"]
[SourceVersionDate "2021.10.24"]
[SourceQuality "1"]

1. Nf3 d5 2. d4 Nf6 3. c4 c6 4. cxd5 cxd5 5. Nc3 Nc6 6. Bf4 Bf5 7. e3 e6 8. Be2 Rc8 9. 0-0 Bb4 10. Nh4 Bg6 11. Nxg6 hxg6 12. Rc1 Bd6 13. Bxd6 Qxd6 14. h3 0-0 15. Qb3 Qe7 16. a3 Rc7 17. Rc2 Rfc8 18. Rfc1 a6 19. Qb6 Kh7 20. Nb1 Qd8 21. Nc3 Kg8 22. Na4 Nd7 23. Qb3 Na5 24. Qd3 Rxc2 25. Rxc2 Nc4 26. Qd1 1/2-1/2

[Event "ZH-2019-0-01756"]
[Site "LSS email"]
[Date "2019.04.03"]
[Round "?"]
[White "Tylecek, Drahomir"]
[Black "Dehaybe, Andre"]
[Result "1/2-1/2"]
[WhiteElo "2187"]
[BlackElo "2230"]
[PlyCount "96"]
[EventDate "2019.03.15"]
[EventType "match (corr)"]
[EventRounds "2"]
[EventCountry "GER"]
[SourceTitle "Corr 2022"]
[Source "ChessBase"]
[SourceDate "2021.10.24"]
[SourceVersion "1"]
[SourceVersionDate "2021.10.24"]
[SourceQuality "1"]

1. e4 c5 2. Nf3 Nc6 3. d4 cxd4 4. Nxd4 Nf6 5. Nc3 e5 6. Ndb5 d6 7. Bg5 a6 8. Na3 b5 9. Bxf6 gxf6 10. Nd5 f5 11. c3 Bg7 12. Bd3 Be6 13. Nc2 Bxd5 14. exd5 Ne7 15. 0-0 0-0 16. Re1 Qd7 17. g3 Nxd5 18. Qh5 Ne7 19. Ne3 e4 20. Nxf5 Nxf5 21. Bxe4 Nh6 22. Bxa8 Rxa8 23. Re4 d5 24. Rd1 d4 25. Rf4 Qe6 26. cxd4 Rd8 27. d5 Qg6 28. Qe2 Nf5 29. b3 h5 30. d6 Rxd6 31. Rxd6 Nxd6 32. Qf3 Qb1+ 33. Kg2 Qxa2 34. Qd3 Be5 35. Rh4 Qb2 36. Rxh5 Bd4 37. Qf3 f5 38. Qd5+ Kg7 39. Qxd6 Qxf2+ 40. Kh3 Qf1+ 41. Kh4 Bf6+ 42. Rg5+ Bxg5+ 43. Kxg5 Qc1+ 44. Kh5 Qc2 45. Qe7+ Kg8 46. Qe6+ Kg7 47. Kg5 Qd2+ 48. Kxf5 Qxh2 1/2-1/2

[Event "ZH-2018-0-01737"]
[Site "LSS email"]
[Date "2018.12.19"]
[Round "?"]
[White "Dehaybe, Andre"]
[Black "Misericordia, Antonio"]
[Result "0-1"]
[WhiteElo "2232"]
[BlackElo "2389"]
[PlyCount "147"]
[EventDate "2018.12.12"]
[EventType "match (corr)"]
[EventRounds "2"]
[EventCountry "GER"]
[SourceTitle "Corr 2022"]
[Source "ChessBase"]
[SourceDate "2021.10.24"]
[SourceVersion "1"]
[SourceVersionDate "2021.10.24"]
[SourceQuality "1"]

1. Nc3 d5 2. d4 Nf6 3. Bf4 e6 4. Nb5 Na6 5. e3 Be7 6. Nf3 0-0 7. h4 c6 8. Nc3 Qa5 9. Bd3 Nb4 10. 0-0 Nxd3 11. cxd3 Nh5 12. Be5 Qd8 13. Rc1 Nf6 14. Nb1 Qb6 15. Qd2 h6 16. Rfd1 Bd7 17. Nc3 Qd8 18. e4 Ne8 19. Bg3 Nf6 20. Qe2 Bc8 21. Ne5 Qb6 22. Nf3 Qd8 23. Ne5 Bd7 24. Rc2 Be8 25. Bf4 Kh7 26. Re1 Ng8 27. Nf3 f6 28. Qe3 Bh5 29. a3 Qd7 30. Ne2 Bd8 31. Ng3 Bf7 32. Qd2 Ne7 33. Qc1 Bb6 34. b3 a5 35. Bd2 Rfe8 36. b4 Reb8 37. Rb2 a4 38. Qd1 Rf8 39. Qe2 Nc8 40. e5 f5 41. b5 cxb5 42. Nxf5 Bh5 43. Ng5+ Kg6 44. g4 hxg5 45. gxh5+ Kh7 46. Ne3 Ne7 47. Qg4 Nc6 48. Nc2 gxh4 49. Be3 b4 50. Nxb4 Ba5 51. Bd2 Qf7 52. Re2 Ne7 53. Qxh4 Rac8 54. Qh3 b6 55. Kf1 b5 56. h6 g5 57. Qg4 Bb6 58. Rc2 Nf5 59. Rxc8 Rxc8 60. Nxd5 exd5 61. e6 Qf6 62. Re5 Nxd4 63. Qxg5 Qxg5 64. Rxg5 Nxe6 65. Rxd5 Rc2 66. Ke1 Bxf2+ 67. Kd1 Rc5 68. Rd7+ Kg6 69. h7 Rh5 70. Rd6 Kf7 71. Rd7+ Ke8 72. Rb7 Bd4 73. Bb4 Kd8 74. Bd6 0-1

[Event "ZH-2018-0-01708"]
[Site "LSS email"]
[Date "2018.09.29"]
[Round "?"]
[White "Cvak, Rudolf"]
[Black "Dehaybe, Andre"]
[Result "1-0"]
[WhiteElo "2359"]
[BlackElo "2237"]
[PlyCount "55"]
[EventDate "2018.09.09"]
[EventType "match (corr)"]
[EventRounds "2"]
[EventCountry "GER"]
[SourceTitle "Corr 2022"]
[Source "ChessBase"]
[SourceDate "2021.10.24"]
[SourceVersion "1"]
[SourceVersionDate "2021.10.24"]
[SourceQuality "1"]

1. e4 e5 2. Nf3 Nc6 3. Bb5 a6 4. Ba4 Nf6 5. 0-0 Be7 6. Re1 b5 7. Bb3 0-0 8. c3 d5 9. exd5 Nxd5 10. Nxe5 Nxe5 11. Rxe5 c6 12. d4 Bd6 13. Re1 Qh4 14. g3 Qh3 15. Qe2 Bg4 16. Qf1 Rae8 17. Qxh3 Rxe1+ 18. Qf1 Rxf1+ 19. Kxf1 Re8 20. Bd2 Bf5 21. a4 Bd3+ 22. Kg2 Rb8 23. a5 h6 24. Bd1 b4 25. cxb4 Be7 26. Nc3 Nxc3 27. bxc3 Bc4 28. Ba4 1-0